| 000 | 01379nam a22001577a 4500 | ||
|---|---|---|---|
| 020 | _a978-93-80557-31-1 | ||
| 082 |
_a920 _bSRE/T |
||
| 100 | _aSREERAMAN, C V | ||
| 245 | _aTHUMBUM THURALUM | ||
| 250 | _aSECOND EDITION | ||
| 260 |
_aTHRISSUR _bH & C PUBLISHING HOUSE _c2016 |
||
| 300 | _a80 | ||
| 520 | _aമൻനക്ഷത്രദീപ്തിയുള്ള ഒരു കാലഘട്ടത്തെ സ്മൃതിയുടെ തിരശ്ശീലയിലേക്ക് പുനരാനയിക്കുകയാണ്, ഋജുവും ചേതോഹരവുമായ ഈ കുറിപ്പുകളിലൂടെ ശ്രീരാമൻ. കുന്ദംകുളത്തെ പച്ചമനുഷ്യരേയും നാട്ടിടവഴികളേയും അനാദൃശമായ തന്മയത്വത്തോടെ നോക്കിക്കാണുന്ന ഈ ഓർമ്മപുസ്തകം, ആദർശദാർഢ്യത്താലും സൗഹാർദ്ദത്താലും ജ്വലിച്ചുനിന്ന ഒരു ഭൂതകാലത്തെ അനുസ്മരിപ്പിക്കുന്നു. | ||
| 650 |
_aMALAYALAM MEMOIRS _zKERALA |
||
| 942 | _cBK | ||
| 999 |
_c7896 _d7896 |
||